000 00777nam a2200241Ia 4500
005 20220317001245.0
008 160825s1982 sp a g 000 0 spa
020 _a8430561587
100 1 _aPintado, Cecilio
_d1943-
245 1 3 _aEl curricán
_cCecilio Pintado ; portada e ilustraciones Esdrujulus
250 _a1a. edición
300 _a136 páginas
_bilustraciones
_c20 cm
490 _aLas campanas
650 1 4 _2LEMB
_aNovela juvenil española
_ySiglo XX
650 1 4 _2LEMB
_aLiteratura juvenil española
_ySiglo XX
942 _2loc
_cBKLIT
264 _aMadrid
_bSusaeta
_c1982
336 _atexto
_btxt
_2rdacontent
337 _asin mediación
_bn
_2rdamedia
338 _avolumen
_bnc
_2rdacarrier
040 _aCO-BoRNBP
_bspa
_erda
_cCO-BoRNBP
084 _aN PIN2
999 _c6409
_d6409